Psicología del arte /

Estado de la cuestión acerca de qué es la psicología del arte y cuáles son sus metas, tanto las logradas a fines del siglo XX como las que están todavía por alcanzar, planteado a partir de la revisión de un panorama muy amplio que comprende las contribuciones de distintas áreas de la psicología y la...

Celý popis

Uloženo v:
Podrobná bibliografie
Hlavní autor: Marty, Gisèle (autor)
Médium: Kniha
Jazyk:španělština
Vydáno: Madrid, España : Pirámide, 1999, c1999
Edice:(Psicología Pirámide)
Témata:
Tagy: Přidat tag
Žádné tagy, Buďte první, kdo vytvoří štítek k tomuto záznamu!

MARC

LEADER 00000nam^a2200000^a^4500
001 000142235
005 20250521000000.0
009 20260310095642.846
020 |a 84-368-1340-5 
037 |a Acervo ITESO - Biblioteca 
041 |a ESP 
082 |a 701. 15  |b MAR 
100 |a Marty, Gisèle  |e (autor) 
245 1 0 |a Psicología del arte /  |c G. Marty. 
264 4 |a Madrid, España :  |b Pirámide,  |c 1999, c1999 
300 |a 267 p. 
336 |a texto  |b txt  |2 rdacontenido 
337 |a sin mediación  |b n  |2 rdamedio 
338 |a volumen  |b nc  |2 rdasoporte 
440 1 |a (Psicología Pirámide) 
520 |a Estado de la cuestión acerca de qué es la psicología del arte y cuáles son sus metas, tanto las logradas a fines del siglo XX como las que están todavía por alcanzar, planteado a partir de la revisión de un panorama muy amplio que comprende las contribuciones de distintas áreas de la psicología y la neurobiología, de la paleontología, la filosofía y los numerosos enfoques de la historia del arte. 
521 |a 2012 BO Licenciatura en Comunicación y Artes Audiovisuales 
649 |a XX 
650 |a Percepción 
650 |a Creatividad 
650 |a Psicología Cognitiva 
650 |a Psicobiología 
650 |a Psicología y Arte 
650 |a Psicoanálisis y Arte 
650 |a Arte -  |x Historia y Crítica 
650 |a Estética 
910 |a Fondo General 
920 |a Impresos - Libros 
930 |a Colección General 
905 |a 101 
901 |a 0500071087  |b IT1  |c ACC  |u 20250521 
901 |a 0500209510  |b IT1  |c ACC  |i C132405  |u 20250521 
902 |a https://opac.biblio.iteso.mx/vufind/Record/000142235